[Event "Oberliga Bayern 0607"]
[Site "Bayern"]
[Date "2007.04.01"]
[Round "8.6"]
[White "Trassl, Franz"]
[Black "Osipov, Andrey"]
[Result "1/2-1/2"]
[WhiteElo "2165"]
[BlackElo "2016"]
[PlyCount "127"]
[EventDate "2006.10.15"]
[EventType "team-tourn"]
[EventRounds "9"]
[EventCountry "GER"]
[SourceTitle "EXT 2008"]
[Source "ChessBase"]
[SourceDate "2007.11.25"]
[SourceVersion "1"]
[SourceVersionDate "2007.11.25"]
[SourceQuality "1"]
[WhiteTeam "Krumbach"]
[BlackTeam "Pasing"]
[WhiteTeamCountry "GER"]
[BlackTeamCountry "GER"]

1. Nf3 Nf6 2. d4 g6 3. Bf4 Bg7 4. c3 d6 5. h3 0-0 6. Nbd2 Nbd7 7. e3 Re8 8. Bc4 h6 9. Qb3 e6 10. 0-0 d5 11. Be2 c5 12. Ne5 c4 13. Qc2 Nxe5 14. Bxe5 Bd7 15. b3 b5 16. Bf3 Rc8 17. bxc4 bxc4 18. Rfb1 Bc6 19. Rb4 Bf8 20. Rbb1 Nd7 21. Bg3 f5 22. Be2 Be7 23. Nf3 Kg7 24. Ne5 Nxe5 25. Bxe5+ Kh7 26. f4 Rf8 27. Kh2 Qa5 28. g4 Rg8 29. Rg1 Rcd8 30. Rg2 Ba4 31. Qd2 Qb6 32. Rag1 Be8 33. Bd1 Rd7 34. Bc2 fxg4 35. Rxg4 Bd6 36. Qg2 Bxe5 37. fxe5 Rdg7 38. h4 Kh8 39. Rb1 Qa5 40. Qd2 Qxa2 41. Rb4 a5 42. Rb6 Ba4 43. Rg2 Bxc2 44. Qxc2 Qxc2 45. Rxc2 Re7 46. Ra6 Rf8 47. Kg2 Kg7 48. Rb2 h5 49. Rxa5 Kh6 50. Rb6 Rfe8 51. Raa6 g5 52. e4 dxe4 53. d5 gxh4 54. d6 Rd7 55. Rc6 Kg5 56. Rxc4 Kf4 57. Raa4 Kxe5 58. Rxe4+ Kxd6 59. Ra6+ Kc7 60. Rxh4 Rd2+ 61. Kf3 Rd3+ 62. Ke4 Rxc3 63. Rxh5 Rc4+ 64. Kd3 1/2-1/2

[Event "Oberliga Bayern 0607"]
[Site "Bayern"]
[Date "2007.02.04"]
[Round "5.7"]
[White "Trassl, Franz"]
[Black "Juettner, Andreas"]
[Result "1-0"]
[WhiteElo "2165"]
[BlackElo "1961"]
[PlyCount "85"]
[EventDate "2006.10.15"]
[EventType "team-tourn"]
[EventRounds "9"]
[EventCountry "GER"]
[SourceTitle "EXT 2008"]
[Source "ChessBase"]
[SourceDate "2007.11.25"]
[SourceVersion "1"]
[SourceVersionDate "2007.11.25"]
[SourceQuality "1"]
[WhiteTeam "Krumbach"]
[BlackTeam "Muenchen 36"]
[WhiteTeamCountry "GER"]
[BlackTeamCountry "GER"]

1. Nf3 Nf6 2. c4 c6 3. Nc3 d5 4. cxd5 cxd5 5. d4 Nc6 6. Bf4 Ne4 7. e3 Nxc3 8. bxc3 g6 9. Qb3 Bg7 10. Be2 0-0 11. 0-0 a6 12. a4 Na5 13. Qb4 Bf5 14. Nd2 Re8 15. c4 e5 16. dxe5 Bxe5 17. Bxe5 Rxe5 18. Nf3 Re7 19. cxd5 Re4 20. Nd4 Rc8 21. Rac1 Rxc1 22. Rxc1 Bd7 23. Bf3 Re5 24. Qd6 Re8 25. Bd1 Bc8 26. Qxd8 Rxd8 27. e4 Bd7 28. Rc7 b5 29. axb5 axb5 30. Nb3 Nc4 31. Be2 f5 32. f3 fxe4 33. fxe4 Nd6 34. Nc5 Be8 35. Nb7 Rc8 36. Rxc8 Nxc8 37. Kf2 Kf7 38. Ke3 Kf6 39. Kd4 g5 40. Bg4 Nb6 41. e5+ Ke7 42. d6+ Kf8 43. e6 1-0

[Event "Oberliga Bayern 0506"]
[Site "Bayern"]
[Date "2006.01.15"]
[Round "5.6"]
[White "Trassl, Franz"]
[Black "Haag, Wolfgang"]
[Result "1-0"]
[WhiteElo "2121"]
[BlackElo "2180"]
[PlyCount "157"]
[EventDate "2005.10.23"]
[EventType "team-tourn"]
[EventRounds "9"]
[EventCountry "GER"]
[SourceTitle "EXT 2007"]
[Source "ChessBase"]
[SourceDate "2006.11.23"]
[SourceVersion "1"]
[SourceVersionDate "2006.11.23"]
[SourceQuality "1"]
[WhiteTeam "Krumbach"]
[BlackTeam "Bamberg SC"]
[WhiteTeamCountry "GER"]
[BlackTeamCountry "GER"]

1. Nf3 Nf6 2. d4 g6 3. Bf4 Bg7 4. c4 d6 5. Nc3 0-0 6. Qd2 c5 7. d5 a6 8. Bh6 Qa5 9. Bxg7 Kxg7 10. e4 b5 11. Bd3 e6 12. 0-0 exd5 13. Nxd5 Qxd2 14. Nxd2 Nxd5 15. exd5 Bb7 16. Rfe1 Nd7 17. Re7 Rfd8 18. Ne4 Kf8 19. Rxf7+ Kxf7 20. Nxd6+ Kf8 21. Nxb7 Rdb8 22. Na5 Ne5 23. Bf1 bxc4 24. f4 Nd3 25. b3 Nxf4 26. Bxc4 Nh5 27. Nc6 Re8 28. d6 Nf6 29. Rf1 Kg7 30. d7 Rf8 31. Rd1 Nxd7 32. Rxd7+ Kh6 33. Be2 Rae8 34. Bf3 Re1+ 35. Kf2 Rc1 36. Ne5 g5 37. Kg3 Re8 38. Ng4+ Kg6 39. Rd6+ Kg7 40. Nf6 Re5 41. Rxa6 Rc2 42. Nh5+ Kf7 43. Ra7+ Kg6 44. Kg4 Rd2 45. Ra6+ Kf7 46. Kg3 Rd3 47. Nf6 Kg7 48. Ng4 Rf5 49. Ra7+ Kg6 50. Nf2 Re3 51. Ra6+ Kg7 52. Kg4 Rfe5 53. Kh5 Rf5 54. Ng4 Re7 55. Rb6 Ra7 56. a4 Rc7 57. a5 c4 58. bxc4 Rxa5 59. Rb7 Rxb7 60. Bxb7 h6 61. Bd5 Ra6 62. Ne3 Rf6 63. h4 gxh4 64. Kxh4 Rg6 65. Bf3 Rg5 66. g4 Re5 67. Nd5 Re1 68. Kg3 Rc1 69. Ne3 Kf6 70. Kf4 Ra1 71. Ke4 Kg5 72. c5 Rc1 73. Kd4 Kf4 74. Be2 Rxc5 75. Ng2+ Kg3 76. Kxc5 Kxg2 77. Kd4 Kf2 78. Bd1 Kg3 79. Ke5 1-0

[Event "Oberliga Bayern 0506"]
[Site "Bayern"]
[Date "2005.10.23"]
[Round "1.5"]
[White "Wood, Christopher Baruch"]
[Black "Trassl, Franz"]
[Result "0-1"]
[WhiteElo "2244"]
[BlackElo "2121"]
[PlyCount "164"]
[EventDate "2005.10.23"]
[EventType "team-tourn"]
[EventRounds "9"]
[EventCountry "GER"]
[SourceTitle "EXT 2007"]
[Source "ChessBase"]
[SourceDate "2006.11.23"]
[SourceVersion "1"]
[SourceVersionDate "2006.11.23"]
[SourceQuality "1"]
[WhiteTeam "Muenchen Tarrasch"]
[BlackTeam "Krumbach"]
[WhiteTeamCountry "GER"]
[BlackTeamCountry "GER"]

1. e4 c5 2. Nf3 d6 3. d4 cxd4 4. Nxd4 Nf6 5. Nc3 e6 6. Bg5 a6 7. f4 Nc6 8. Nxc6 bxc6 9. e5 h6 10. Bh4 g5 11. fxg5 Nd5 12. Nxd5 cxd5 13. Qd4 hxg5 14. Bg3 Bg7 15. Bd3 Qc7 16. Qa4+ Bd7 17. exd6 Qb6 18. Qb3 Qe3+ 19. Kd1 Qxg3 20. hxg3 Rxh1+ 21. Ke2 Rxa1 22. Bxa6 Be5 23. a4 Rxa4 24. Bb5 R4a7 25. Bxd7+ Rxd7 26. Qe3 f6 27. Qf3 Rxd6 28. c4 Rc8 29. Qh5+ Kd7 30. Qf7+ Kc6 31. cxd5+ Kxd5 32. Qb7+ Rdc6 33. b4 Kd6 34. b5 Rc2+ 35. Kd1 R2c7 36. Qe4 Rb8 37. Qd3+ Kc5 38. Qa3+ Kxb5 39. Qb3+ Kc5 40. Qxe6 Rd8+ 41. Ke2 Rcd7 42. Qa6 Rd6 43. Qa5+ Kc6 44. Qa4+ Kb7 45. g4 Rd2+ 46. Kf1 R8d5 47. Qb4+ Kc6 48. Qa4+ Kc7 49. Qa7+ Kd6 50. g3 Rd1+ 51. Ke2 R5d2+ 52. Ke3 Ke6 53. Qb7 Rd3+ 54. Ke4 Rd4+ 55. Ke3 R1d3+ 56. Ke2 Rxg3 57. Qc6+ Kf7 58. Qb7+ Kg6 59. Qb1+ Rgd3 60. Qc2 Kg7 61. Qc8 Rd7 62. Qc6 R3d4 63. Qe6 Rc7 64. Qf5 Rcc4 65. Qe6 Re4+ 66. Kf3 Rf4+ 67. Ke3 Rce4+ 68. Kd3 Rxg4 69. Qe7+ Kg6 70. Qe8+ Kf5 71. Qc8+ Kf4 72. Qc1+ Kg3 73. Qg1+ Kh3 74. Qf1+ Kh2 75. Qf2+ Rg2 76. Qf5 Rd4+ 77. Ke3 Rh4 78. Qd7 g4 79. Qf5 g3 80. Qd7 Rb2 81. Kf3 g2 82. Qe6 Rf4+ 0-1